000
00279pab a2200121 454500
008
180718b xxu||||| |||| 00| 0 eng d
100
_a
Dang, Satya Pal
245
_a
Devalued office of speaker
650
_a
Speakers
650
_a
Legislatures
773
_a
Patriot
909
_a
21819
999
_c
21819
_d
21819